Hospodárska štatistika

Guardado en:
Detalles Bibliográficos
Autor principal: Megyesiová, Silvia, 1969-
Autor Corporativo: Ekonomická univerzita v Bratislave
Otros Autores: Chajdiak, Jozef, Luha, Ján
Formato: Libro
Lenguaje:eslovaco
Publicado: Bratislava STATIS 2014
Edición:1. vyd.
Materias:
Etiquetas: Agregar Etiqueta
Sin Etiquetas, Sea el primero en etiquetar este registro!

MARC

LEADER 00000nam a2200000 4500
001 0184255
005 20240502073146.7
020 |a 978-80-85659-78-8 
041 0 |a slo 
044 |a SK 
245 1 0 |a Hospodárska štatistika  |c Silvia Megyesiová ; recenzovali Jozef Chajdiak, Ján Luha 
250 |a 1. vyd. 
264 1 |a Bratislava  |b STATIS  |c 2014 
300 |a 75 s. [4,46 AH] 
610 2 0 |a štatistika 
610 2 0 |a štatistika demografická 
610 2 0 |a štatistika ekonomická 
610 2 0 |a demografia 
610 2 0 |a pôrodnosť 
610 2 0 |a plodnosť 
610 2 0 |a úmrtnosť 
610 2 0 |a prírastok obyvateľstva 
610 2 0 |a migrácia 
100 1 |a Megyesiová, Silvia, 1969- 
700 1 |a Chajdiak, Jozef 
700 1 |a Luha, Ján 
710 2 |a Ekonomická univerzita v Bratislave